2025 AFL Brownlow Medal Top 30 - Statistics

General Stats
  • This quiz has been taken 40 times
  • The average score is 29 of 30
Answer Stats
Votes Team Answer % Correct
29 Geelong Bailey Smith
100%
25 Fremantle Caleb Serong
100%
16 Melbourne Christian Petracca
100%
16 Port Adelaide Connor Rozee
100%
27 Adelaide Jordan Dawson
100%
16 Brisbane Lachie Neale
100%
25 Bulldogs Marcus Bontempelli
100%
39 Gold Coast Matt Rowell
100%
23 Melbourne Max Gawn
100%
32 Collingwood Nick Daicos
100%
25 Gold Coast Noah Anderson
100%
20 GWS Tom Green
100%
21 Port Adelaide Zak Butters
100%
26 Fremantle Andrew Brayshaw
97%
17 Sydney Isaac Heeney
97%
20 Geelong Jeremy Cameron
97%
18 Geelong Max Holmes
97%
19 Carlton Patrick Cripps
97%
20 Richmond Tim Taranto
97%
21 Sydney Chad Warner
94%
17 Hawthorn Jai Newcombe
94%
14 Essendon Zach Merret
94%
23 St Kilda Nasiah Wanganeen-Milera
91%
14 Adelaide Riley Thilthorpe
91%
14 Brisbane Dayne Zorko
88%
15 Adelaide Izak Rankine
88%
14 GWS Toby Greene
88%
21 Brisbane Hugh McCluggage
85%
21 GWS Finn Callaghan
79%
17 Fremantle Luke Jackson
79%
No matching quizzes found
Score Distribution
Percent of People with Each Score
Percentile by Number Answered
Your Score History
You have not taken this quiz